书目信息 |
| 题名: |
失败课
|
|
| 作者: | 周磊 著 | |
| 分册: | ||
| 出版信息: | 长沙 湖南文艺出版社 2018.01 |
|
| 页数: | 240页 | |
| 开本: | 20cm | |
| 丛书名: | ||
| 单 册: | ||
| 中图分类: | F272.2 | |
| 科图分类: | ||
| 主题词: | 企业经济 | |
| 电子资源: | ||
| ISBN: | 978-7-5404-8298-5 | |
| 000 | 00903nam0 2200241 450 | |
| 001 | 2335052839 | |
| 005 | 20231120094637.67 | |
| 010 | @a978-7-5404-8298-5@dCNY36.80 | |
| 100 | @a20231120d2018 km y0chiy0120 ea | |
| 101 | 0 | @achi |
| 102 | @aCN@b430000 | |
| 200 | 1 | @a失败课@AShi Bai Ke@e1000个初创项目换来的6步思维@f周磊著@FZhou Lei Zhu |
| 210 | @a长沙@c湖南文艺出版社@d2018.01 | |
| 215 | @a240页@d20cm | |
| 300 | @a企业管理 -- 创业 | |
| 330 | @a本书作者在实战基础上, 独创“六步思维 ” 分析法, 解开了中国式创业从0到1的成功密码。 “六步思维 ” — 方向、逻辑、切点、团队、竞争、融资。 六个方面逐一展开进行分析与讲解。 | |
| 510 | 1 | @a= The Failure lessons |
| 517 | 1 | @a1000个初创项目换来的6步思维@A1000 Ge Chu Chuang Xiang Mu Huan Lai De 6 Bu Si Wei |
| 606 | 0 | @a企业经济 |
| 690 | @aF272.2@v4 | |
| 701 | 0 | @a周磊@AZhou Lei@4著 |
| 801 | 0 | @aCN@b河南城建学院图书馆@c20231120 |
| 905 | @dF272.2@eZ773 | |
| 失败课:1000个初创项目换来的6步思维/周磊著.-长沙:湖南文艺出版社,2018.01 |
| 240页;20cm |
| 企业管理 -- 创业 |
| ISBN 978-7-5404-8298-5:CNY36.80 |
| 本书作者在实战基础上, 独创“六步思维 ” 分析法, 解开了中国式创业从0到1的成功密码。 “六步思维 ” — 方向、逻辑、切点、团队、竞争、融资。 六个方面逐一展开进行分析与讲解。 |
| ● |
| 相关链接 |
|
|
|
正题名:失败课
索取号:F272.2/Z773
 
预约/预借
| 序号 | 登录号 | 条形码 | 馆藏地/架位号 | 状态 | 备注 |
| 1 | 1508157 | 215081578 | 教务处资料室/ [索取号:F272.2/Z773] | 在馆 | |
| 2 | 1508158 | 215081587 | 教务处资料室/ [索取号:F272.2/Z773] | 在馆 | |
| 3 | 1508339 | 215083399 | 教务处资料室/ [索取号:F272.2/Z773] | 在馆 | |
| 4 | 1508340 | 215083406 | 教务处资料室/ [索取号:F272.2/Z773] | 在馆 | |
| 5 | 1508341 | 215083415 | 教务处资料室/ [索取号:F272.2/Z773] | 在馆 |